000 00767nam a2200241 i 4500
001 6942
003 ES-MaACL
005 20250729081831.0
007 t|
008 900713s1989 sp ||||1| spa d
020 _a84-345-8450-6
080 _a576.12
100 1 _aRuse, Michael.
_9101015
245 1 0 _aTomándose a Darwin en serio
_b: implicaciones filosóficas del darwinismo /
_cMichael Ruse.
260 _aBarcelona :
_bSalvat,
_c1989.
300 _aXII, 387 p. :
_bil. ;
_c19 cm.
490 1 _aBiblioteca científica Salvat ;
_v91
504 _aBibliogr.: p. 371-387.
650 7 _aEvolucionismo
_2embne
_912629
830 0 _aBiblioteca científica Salvat ;
_v91
_9177703
852 _aES-MaACL
_jL-14171
_bR.117759
_z. - rust.
999 _c6942
_d6942